Carregando...
Solomante theneechakal: Oru nyayadhipante smaranakal/
| Autor principal: | |
|---|---|
| Formato: | Printed Book |
| Idioma: | Malayalam |
| Publicado em: |
Kottayam:
DC Books,
|
| LEADER | 00492 a2200133 4500 | ||
|---|---|---|---|
| 008 | 111204s9999 xx 000 0 mal d | ||
| 999 | |c 228755 |d 228755 | ||
| 082 | |a 920 | ||
| 100 | |a Thomas,K T | ||
| 245 | |a Solomante theneechakal: |b Oru nyayadhipante smaranakal/ | ||
| 260 | |a Kottayam: |b DC Books, | ||
| 300 | |a 262p. |b RS.140/ | ||
| 942 | |2 ddc |c BK | ||
| 952 | |0 0 |1 0 |2 ddc |4 0 |6 923_000000000000000_4T_THO_S |7 0 |9 252650 |a MAL |b MAL |c ST1 |d 2011-05-05 |g 140.00 |l 3 |o 923.4T THO/S |p MAL32514 |r 2016-08-18 |s 2016-08-17 |w 2011-12-05 |y BK | ||